00361nam a2200121Ia 4500008004100000082001100041245004400052250000600096260004100102300000800143630004400151730004400195090124s9999 xx 000 0 und d b201267 a आनंदी आनंद गडे a1 bभागवत भा.रा.c1966 a280 a आनंदी आनंद गडे a आनंदी आनंद गडे